A commentary on the pastoral epistles; (Record no. 4226)

MARC details
000 -LEADER
fixed length control field 00821cam a2200277I 4500
001 - CONTROL NUMBER
control field 20989
003 - CONTROL NUMBER IDENTIFIER
control field GBCCL
005 - DATE AND TIME OF LATEST TRANSACTION
control field 20241126110514.0
008 - FIXED-LENGTH DATA ELEMENTS--GENERAL INFORMATION
fixed length control field 720811s1963 nyu b 000 0 eng
010 ## -
-- 64010751
035 ## - SYSTEM CONTROL NUMBER
System control number (OCoLC)00378640
040 ## - CATALOGING SOURCE
Original cataloging agency DLC
Transcribing agency ATO
Modifying agency SER
-- OCL
049 ## -
-- LBBK
050 0# -
-- BS2735.3
-- K4
082 ## - DEWEY DECIMAL CLASSIFICATION NUMBER
Classification number 227.807
Item number KEL
092 ## - LOCALLY ASSIGNED DEWEY CALL NUMBER (OCLC)
Classification number 227.82
Item number K29
100 1# - MAIN ENTRY--PERSONAL NAME
Personal name Kelly, J. N. D.
Fuller form of name (John Norman Davidson)
9 (RLIN) 8016
245 12 - TITLE STATEMENT
Title A commentary on the pastoral epistles;
Remainder of title I Timothy, II Timothy, Titus.
250 ## - EDITION STATEMENT
Edition statement [1st ed.]
260 ## - PUBLICATION, DISTRIBUTION, ETC.
Place of publication, distribution, etc. New York,
Name of publisher, distributor, etc. Harper & Row
Date of publication, distribution, etc. [c1963]
300 ## - PHYSICAL DESCRIPTION
Extent 264 p.
Dimensions 22 cm.
440 #0 - SERIES STATEMENT/ADDED ENTRY--TITLE
Title Harper's New Testament commentaries
9 (RLIN) 8017
504 ## - BIBLIOGRAPHY, ETC. NOTE
Bibliography, etc. note Bibliography: p. 37-38.
630 00 - SUBJECT ADDED ENTRY--UNIFORM TITLE
Uniform title Bible.
Name of part/section of a work N.T.
-- Pastoral Epistles
General subdivision Commentaries.
9 (RLIN) 8018
942 ## - ADDED ENTRY ELEMENTS (KOHA)
Source of classification or shelving scheme Dewey Decimal Classification
Koha item type Books
Koha issues (borrowed), all copies 4
Holdings
Withdrawn status Lost status Source of classification or shelving scheme Damaged status Not for loan Home library Current Library Shelving location Date acquired Total checkouts Full call number Barcode Date last seen Date last checked out Copy number Price effective from Koha item type
    Dewey Decimal Classification     GRACE BIBLE COLLEGE GRACE BIBLE COLLEGE Biblical Studies 2018-01-17 4 227.807 KEL 000233 2025-05-01 2023-02-28 c.1 2018-01-17 Books
© Grace Bible College Library 2025